Statistiken für Top 15 Länder mit Covid-19-Todesfällen - 21. September

Klicken Sie hier um das Quiz zu spielen!

Allgemein

  • Dieses Quiz wurde 11 mal gespielt
  • Das Durchschnittsergebnis liegt bei 11 aus 20

Antwortstatistiken

Land% Korrekt
Vereinigte Staaten
100%
Russland
88%
Argentinien
75%
Brasilien
75%
Mexiko
75%
Peru
75%
Chile
63%
Indien
63%
Italien
63%
Bolivien
50%
Kolumbien
50%
Spanien
50%
Südafrika
50%
Frankreich
38%
Iran
38%
Panama
38%
Schweden
38%
Vereinigtes Königreich
38%
Belgien
25%
Ecuador
25%

Verteilung der Resultate

Perzentil nach korrekt beantworteten Fragen

Anzahl Personen mit jedem Resultat

Ihre Resultats-Entwicklung

Sie haben dieses Quiz noch nicht gespielt